| 000 | 00613nam a22001937a 4500 | ||
|---|---|---|---|
| 003 | DO-SdBNP | ||
| 005 | 20211004151157.0 | ||
| 007 | ta | ||
| 008 | 211004b2016 dr abc|| |||| 00| 0 spa d | ||
| 040 |
_aDO-SdBNP _bspa _cBNPHU |
||
| 245 | 0 | 0 | _a¿Qué es el MERCOSUR? |
| 260 |
_aSanto Domingo : _bMinisterio para Políticas de Integración Regional, _c2016. |
||
| 300 |
_a62 p. : _bil., mapas, retrs. ; _c23 cm. |
||
| 490 | 1 |
_aPopular. Educar para integrar _v2 |
|
| 504 | _aBibliografía : p. 62 | ||
| 590 | _aInventariado, 2021 /LP | ||
| 830 | 0 |
_aPopular. Educar para integrar _n2 _980104 |
|
| 942 |
_2ddc _cLBS1 |
||
| 999 |
_c50695 _d50695 |
||